| 000 | 00621nam a22001937a 4500 | ||
|---|---|---|---|
| 003 | OSt | ||
| 005 | 20140310184508.0 | ||
| 008 | 130313t xxu||||| |||| 00| 0 eng d | ||
| 020 | _a2894295863 | ||
| 050 |
_aPZ 7 _b.D314 1958 |
||
| 100 | _aDefoe, Daniel | ||
| 245 |
_aRobinson Crusoe / _cDaniel Defoe; retold by Edward W. Dolch, Marguerite P. Dolch, and Beulah F. Jackson; illustrated with engravings after designs by J.J. Grandville |
||
| 260 |
_aNew York : _bNew York, NY, _cc1958. |
||
| 300 |
_a127 p. : _bill. ; _c20 cm. |
||
| 521 | _aG12 | ||
| 526 | _c1320L | ||
| 942 |
_2lcc _cBK-SCHOLAS _kSCHO |
||
| 999 |
_c34856 _d34856 |
||